000 01752nam a2200517 i 4500
001 6538
003 KOSZ 005
005 20191009103725.0
008 970510s1993 pl a f |000 0 pol
015 _aPB 1993/8053
035 _a991001074519705066
035 _a(PL-WaBN)b10321755-48omnis_nlop
035 _ab10321755
035 _a(OCoLC)749258856
035 _a(PL)b0000001032175
035 _a(EXLNZ-48OMNIS_NETWORK)9910052859605606
040 _aWA N
_cWA N
_dKOSZ 005/EG
041 _apol
080 _a504.05
080 _a628.1/.5
080 _a(075.8)
100 1 _aMichalec, Tadeusz
_eAutor
245 1 0 _aOchrona środowiska /
_cTadeusz Michalec.
250 _a[Wyd. 3 popr. uzup.].
260 _aRadom :
_bWSI,
_c1993.
300 _a277 s. :
_brys., 1 wykr. ;
_c20 cm.
336 _2rdacontent
_aTekst
_btxt
337 _2rdamedia
_aBez urządzenia pośredniczącego
_bn
338 _2rdacarrier
_aWolumin
_bnc
380 _aKsiążki
380 _aPublikacje dydaktyczne
385 _mPoziom nauczania
_aSzkoły wyższe
388 _a1901-2000
388 _a1989-2000
490 1 _aSkrypty / Wyższa Szkoła Inżynierska im. Kazimierza Pułaskiego w Radomiu. 1993,
_x0860-9241 ;
_vnr 6
504 _aBibliogr. przy częściach.
650 7 _aOchrona środowiska
_2DBN
650 7 _aRozwój zrównoważony
650 7 _aZanieczyszczenia
655 7 _aPodręczniki akademickie
_2DBN
658 _aOchrona środowiska
830 0 _aSkrypty - Wyższa Szkoła Inżynierska im. Kazimierza Pułaskiego w Radomiu,
_vnr 6
856 _uhttp://koha.tu.koszalin.pl/cgi-bin/koha/opac-detail.pl?biblionumber=6538
_yKatalog online BPK
942 _2UKD
_cKS
999 _c6538
_d6538